| 000 | 00398nam a22001337a 4500 | ||
|---|---|---|---|
| 008 | 131122b xxu||||| |||| 00| 0 eng d | ||
| 050 | _aSPC DT929.5.B4F6 | ||
| 100 |
_aFort, George Seymour _93681 |
||
| 245 |
_aAlfred Beit _bA study of the man and his work |
||
| 260 |
_aLondon _bIvor Nicholason & Watson _c1932 |
||
| 300 |
_a221p.; _c21cm. |
||
| 600 |
_aBeit, Alfred _93691 |
||
| 942 |
_2lcc _cMONOGRAPH |
||
| 999 |
_c118642 _d118642 |
||